[Event "Jakarta Indonesia op 1st"]
[Site "Jakarta"]
[Date "2011.10.17"]
[Round "7"]
[White "Simbolon, Firman"]
[Black "Kadek, Iin Dwijayanti"]
[Result "0-1"]
[WhiteElo "2257"]
[BlackElo "1983"]
[PlyCount "38"]
[EventDate "2011.10.13"]
[EventType "swiss"]
[EventRounds "9"]
[EventCountry "INA"]
[SourceTitle "EXT 2012"]
[Source "ChessBase"]
[SourceDate "2011.11.24"]
[SourceVersion "1"]
[SourceVersionDate "2011.11.24"]
[SourceQuality "1"]

1. d4 d5 2. Nf3 c6 3. g3 Nf6 4. Bg2 e6 5. 0-0 Nbd7 6. b3 Bd6 7. c4 0-0 8. Nc3 Re8 9. Bb2 Bf8 10. Nd2 Rb8 11. Qc2 b6 12. Rad1 Bb7 13. Rfe1 e5 14. dxe5 Nxe5 15. cxd5 cxd5 16. Nc4 Ng6 17. e3 Qc7 18. Na3 Rbc8 19. h4 Bxa3 0-1

[Event "Tagaytay City zt 3.3 (Women)"]
[Site "Tagaytay City"]
[Date "2011.05.25"]
[Round "2"]
[White "Kadek, Iin Dwijayanti"]
[Black "Hoang, Thi Bao Tram"]
[Result "0-1"]
[WhiteElo "1919"]
[BlackElo "2325"]
[PlyCount "92"]
[EventDate "2011.05.24"]
[EventType "swiss"]
[EventRounds "9"]
[EventCountry "PHI"]
[SourceTitle "EXT 2012"]
[Source "ChessBase"]
[SourceDate "2011.11.24"]
[SourceVersion "1"]
[SourceVersionDate "2011.11.24"]
[SourceQuality "1"]

1. e4 c6 2. d4 d5 3. exd5 cxd5 4. c4 Nf6 5. Nc3 e6 6. Nf3 Bb4 7. Bd3 dxc4 8. Bxc4 0-0 9. 0-0 a6 10. a3 Be7 11. h3 b5 12. Ba2 Bb7 13. Ne5 Nc6 14. Nxc6 Bxc6 15. Be3 Qd7 16. Rc1 Rfd8 17. Qe2 Qb7 18. f4 g6 19. Qf2 a5 20. Bb1 b4 21. axb4 axb4 22. Ne2 Nd5 23. Bd2 Qd7 24. Rfe1 Nf6 25. Ng3 Rac8 26. Be3 Nd5 27. Bd2 Bh4 28. Red1 Nf6 29. Kh2 Qd6 30. Qe3 Qd5 31. Qf2 Qb3 32. Qe3 Qxb2 33. Ne2 Nd5 34. Qd3 Qa3 35. Qxa3 bxa3 36. Bd3 Ba4 37. Rxc8 Rxc8 38. Ra1 Be7 39. Bc1 Bc2 40. Ba6 Ra8 41. Bc4 Nb6 42. Ba2 Bb4 43. Be3 Bd3 44. Ng1 Bc3 45. Re1 Bc4 46. Bb1 a2 0-1

[Event "Asia Cities-ch 17th"]
[Site "Jakarta"]
[Date "2011.04.23"]
[Round "2.11"]
[White "Omar, Noaman"]
[Black "Kadek, Iin Dwijayanti"]
[Result "1/2-1/2"]
[WhiteElo "2253"]
[BlackElo "1919"]
[PlyCount "119"]
[EventDate "2011.04.22"]
[EventType "team-swiss"]
[EventRounds "9"]
[EventCountry "INA"]
[SourceTitle "CBM 142 Extra"]
[Source "ChessBase"]
[SourceDate "2011.06.27"]
[SourceVersion "1"]
[SourceVersionDate "2011.06.27"]
[SourceQuality "1"]
[WhiteTeam "Sharjah"]
[BlackTeam "Pekanbaru"]
[WhiteTeamCountry "UAE"]
[BlackTeamCountry "INA"]

1. d4 d5 2. Nf3 c6 3. c4 e6 4. Bg5 Nf6 5. Nc3 Be7 6. e3 Nbd7 7. Qc2 0-0 8. Rd1 h6 9. Bh4 a6 10. a3 Qa5 11. c5 Re8 12. Bd3 b5 13. 0-0 Bb7 14. e4 dxe4 15. Bxe4 Qd8 16. Rfe1 a5 17. b4 Nd5 18. Bxe7 Rxe7 19. Bxd5 exd5 20. h3 axb4 21. axb4 Nf6 22. Rxe7 Qxe7 23. Re1 Qc7 24. Ne5 Bc8 25. Qb2 Bf5 26. Ra1 Qb7 27. Ra3 Nd7 28. Nxd7 Bxd7 29. Qa2 Rxa3 30. Qxa3 Qc8 31. Nd1 Qe8 32. Qe3 Qxe3 33. Nxe3 f6 34. Kh2 Kf7 35. Kg3 g5 36. Nc2 h5 37. h4 Kg6 38. f3 Bf5 39. Na1 Bd7 40. Nb3 Bc8 41. Na5 Bd7 42. Nb7 Bc8 43. Nd6 Bd7 44. hxg5 fxg5 45. Kf2 Kf6 46. f4 gxf4 47. Kf3 Kg5 48. Nf7+ Kf5 49. Ne5 Be8 50. Nd3 h4 51. Nxf4 Bf7 52. Ke3 Kg4 53. Ne2 Bg6 54. Kf2 Bd3 55. Ng1 Be4 56. Ne2 Bd3 57. Ng1 Be4 58. Ne2 Bd3 59. Ng1 Be4 60. Ne2 1/2-1/2

[Event "WUCC op (Women) 11th"]
[Site "Zuerich"]
[Date "2010.09.10"]
[Round "8"]
[White "Kadek, Iin Dwijayanti"]
[Black "Liyanagedara, LGA"]
[Result "1-0"]
[WhiteElo "1889"]
[BlackElo "1844"]
[PlyCount "73"]
[EventDate "2010.09.05"]
[EventType "swiss"]
[EventRounds "9"]
[EventCountry "SUI"]
[SourceTitle "CBM 138 Extra"]
[Source "ChessBase"]
[SourceDate "2010.10.29"]
[SourceVersion "1"]
[SourceVersionDate "2010.10.29"]
[SourceQuality "1"]

1. e4 d6 2. d4 Nf6 3. Nc3 g6 4. Nf3 Bg7 5. Bc4 0-0 6. 0-0 c6 7. Bb3 Bg4 8. h3 Bxf3 9. Qxf3 e5 10. Be3 Nbd7 11. Rad1 Qe7 12. Rfe1 Rfd8 13. a3 Nb6 14. Bg5 Nbd7 15. Qe3 a6 16. f4 Qe8 17. dxe5 dxe5 18. f5 Qf8 19. Qg3 Kh8 20. fxg6 fxg6 21. Rf1 Qc5+ 22. Kh2 Rf8 23. Qh4 Ng8 24. Bf7 Rxf7 25. Rxf7 Nf8 26. Rxb7 Ne6 27. Be7 Nxe7 28. Qxe7 Qxe7 29. Rxe7 Nd4 30. Rf1 Bf8 31. Rc7 Nxc2 32. Rff7 h6 33. Rxc6 g5 34. Nd5 Nd4 35. Rcc7 Ne6 36. Rh7+ Kg8 37. Nf6# 1-0

[Event "WUCC op (Women) 11th"]
[Site "Zuerich"]
[Date "2010.09.08"]
[Round "5"]
[White "Kadek, Iin Dwijayanti"]
[Black "Garcia, Liria Caetano"]
[Result "0-1"]
[WhiteElo "1889"]
[BlackElo "1908"]
[PlyCount "64"]
[EventDate "2010.09.05"]
[EventType "swiss"]
[EventRounds "9"]
[EventCountry "SUI"]
[SourceTitle "CBM 138 Extra"]
[Source "ChessBase"]
[SourceDate "2010.10.29"]
[SourceVersion "1"]
[SourceVersionDate "2010.10.29"]
[SourceQuality "1"]

1. e4 c6 2. d4 d5 3. exd5 cxd5 4. c4 Nf6 5. Nc3 Nc6 6. Nf3 Bg4 7. Be3 e6 8. c5 Be7 9. Bb5 0-0 10. Bxc6 bxc6 11. h3 Bxf3 12. gxf3 Qb8 13. Rb1 e5 14. Rg1 Re8 15. Ne2 Qb4+ 16. Qd2 Rab8 17. Qxb4 Rxb4 18. a3 Rb3 19. dxe5 Nd7 20. Nd4 Rb7 21. Nf5 g6 22. f4 Bf8 23. Kd2 Nxc5 24. Bxc5 Bxc5 25. Rgc1 Bf8 26. Ne3 Bh6 27. Ng2 Rxe5 28. Rxc6 Rf5 29. Ke3 Re7+ 30. Kf3 Re4 31. Ne3 Rexf4+ 32. Ke2 Rxf2+ 0-1

[Event "Olympiad Women-38"]
[Site "Dresden"]
[Date "2008.11.16"]
[Round "4"]
[White "Pogonina, Natalija"]
[Black "Kadek, Iin Dwijayanti"]
[Result "1-0"]
[WhiteElo "2469"]
[BlackElo "1859"]
[PlyCount "95"]
[EventDate "2008.11.13"]
[EventType "team-swiss"]
[EventRounds "11"]
[EventCountry "GER"]
[SourceTitle "CBM 128"]
[Source "ChessBase"]
[SourceDate "2009.01.28"]
[SourceVersion "1"]
[SourceVersionDate "2009.01.28"]
[SourceQuality "1"]
[WhiteTeam "Russia (W)"]
[BlackTeam "Indonesia (W)"]
[WhiteTeamCountry "RUS"]
[BlackTeamCountry "INA"]

1. e4 c5 2. Nf3 d6 3. d4 cxd4 4. Nxd4 Nf6 5. Nc3 a6 6. Be2 e5 7. Nb3 Be7 8. 0-0 0-0 9. Re1 Be6 10. Bf3 Nbd7 11. a4 Rc8 12. a5 Qc7 13. Be3 Rfe8 14. Nd2 Nc5 15. Nf1 Bf8 16. h3 h6 17. Nh2 Qc6 18. Ng4 Nxg4 19. hxg4 Nd7 20. Qd2 Nf6 21. g5 hxg5 22. Bxg5 Nh7 23. Be3 Qc7 24. Rec1 Nf6 25. Na4 Nd7 26. b4 Qc6 27. c4 Nf6 28. Nb6 Rcd8 29. Qd3 Qc7 30. Bd1 Rb8 31. Ba4 Red8 32. Bg5 Nh5 33. Nd5 Qc8 34. Bxd8 Qxd8 35. Bd1 Qg5 36. Bxh5 Qxh5 37. Qg3 Kh7 38. Rc3 Bxd5 39. cxd5 Qe2 40. Qh4+ Kg8 41. Rh3 f6 42. Rc1 Re8 43. Rc7 Re7 44. Rc8 Kf7 45. Re3 Qd1+ 46. Kh2 Re8 47. Rxe8 Kxe8 48. Rc3 1-0

[Event "Kuala Lumpur op 5th"]
[Site "Kuala Lumpur"]
[Date "2008.08.23"]
[Round "9"]
[White "Andin, Faizal"]
[Black "Kadek, Iin Dwijayanti"]
[Result "1-0"]
[WhiteElo "2005"]
[BlackElo "1838"]
[PlyCount "99"]
[EventDate "2008.08.18"]
[EventType "swiss"]
[EventRounds "11"]
[EventCountry "MAS"]
[SourceTitle "CBM 126 Extra"]
[Source "ChessBase"]
[SourceDate "2008.11.05"]
[SourceVersion "1"]
[SourceVersionDate "2008.11.05"]
[SourceQuality "1"]

1. e4 c5 2. Nf3 d6 3. d4 cxd4 4. Nxd4 Nf6 5. Nc3 a6 6. Be2 e5 7. Nb3 b5 8. Bg5 Bb7 9. f3 Be7 10. Qd2 h6 11. Be3 Nbd7 12. 0-0-0 Rc8 13. g4 Qc7 14. a3 Nb6 15. Bxb6 Qxb6 16. h4 Nd7 17. g5 Nc5 18. Nxc5 Qxc5 19. f4 exf4 20. Bg4 Rc7 21. gxh6 Rxh6 22. Qxf4 Bxh4 23. Bf5 Bf2 24. Kb1 Rxh1 25. Rxh1 Bd4 26. Rh8+ Ke7 27. Rh3 Bxc3 28. bxc3 Qe5 29. Qg5+ Qf6 30. Qe3 g6 31. Qb6 Kd8 32. Rd3 gxf5 33. Rxd6+ Qxd6 34. Qxd6+ Rd7 35. Qb8+ Ke7 36. Qe5+ Kd8 37. exf5 Bd5 38. Qf6+ Kc7 39. Qxa6 Bc6 40. Qa7+ Kd6 41. Qb8+ Kc5 42. a4 Rb7 43. Qf8+ Kb6 44. Qd8+ Ka7 45. a5 Bd7 46. Qf6 Bc8 47. Kb2 Bd7 48. Qxf7 Ka6 49. Qf8 Kxa5 50. f6 1-0

[Event "Kuala Lumpur op 5th"]
[Site "Kuala Lumpur"]
[Date "2008.08.23"]
[Round "10"]
[White "Kadek, Iin Dwijayanti"]
[Black "Bakri, Alia Anin Azwa"]
[Result "1-0"]
[WhiteElo "1838"]
[BlackElo "1934"]
[PlyCount "187"]
[EventDate "2008.08.18"]
[EventType "swiss"]
[EventRounds "11"]
[EventCountry "MAS"]
[SourceTitle "CBM 126 Extra"]
[Source "ChessBase"]
[SourceDate "2008.11.05"]
[SourceVersion "1"]
[SourceVersionDate "2008.11.05"]
[SourceQuality "1"]

1. e4 e6 2. d4 d5 3. Nd2 Nf6 4. e5 Nfd7 5. Bd3 c5 6. c3 Nc6 7. Qg4 f5 8. Qf4 Be7 9. Ne2 Nf8 10. Qe3 c4 11. Bc2 b5 12. Qh3 Ng6 13. g4 Bg5 14. Qg3 Nce7 15. h4 f4 16. Qh3 Nxh4 17. Nxf4 Bxf4 18. Qxh4 h6 19. Nf3 Rf8 20. Ke2 Kd7 21. Bxf4 Rxf4 22. Qg3 Qf8 23. Rh3 Bb7 24. Rg1 g5 25. Rgh1 Ng8 26. Bh7 Re4+ 27. Bxe4 dxe4 28. Ne1 Qf7 29. Qe3 Qg6 30. Nc2 a5 31. Na3 Bc6 32. Rd1 Ne7 33. Rdh1 Ng8 34. Kd1 Qf7 35. Nb1 Rf8 36. R1h2 Qe7 37. Nd2 Rf4 38. Rg3 Bd5 39. Qe2 Qf8 40. Re3 Qa8 41. Kc2 a4 42. Rh1 Qf8 43. Rf1 Qa8 44. Rh3 Qf8 45. Nb1 Qc8 46. Rfh1 Qf8 47. R1h2 Qg7 48. Na3 Kc6 49. Kd2 Qf8 50. Nc2 Kd7 51. Nb4 Bb7 52. Kc2 Qa8 53. Kd2 Bc6 54. Nxc6 Kxc6 55. Rxh6 Nxh6 56. Rxh6 Kd7 57. Rh7+ Kc6 58. Rf7 Kb6 59. Rf6 Rxf6 60. exf6 Qf8 61. Qxe4 Qxf6 62. Ke3 Qh6 63. f3 Qh1 64. Qxe6+ Ka5 65. Ke4 Qg2 66. Qf7 Kb6 67. Kd5 Qxb2 68. Qf6+ Kc7 69. Qc6+ Kd8 70. Qd6+ Ke8 71. Qe5+ Kd8 72. Qxg5+ Ke8 73. Ke6 Qe2+ 74. Kd6 Kf7 75. Qxb5 Qe7+ 76. Kd5 Qe6+ 77. Kc5 Qe7+ 78. Kxc4 Qe2+ 79. Kb4 Qb2+ 80. Kc5 Qa3+ 81. Qb4 Qc1 82. Qxa4 Qg5+ 83. Kc4 Qe7 84. Qc6 Qe2+ 85. Kc5 Qe7+ 86. Kb6 Qe2 87. Qd5+ Kf8 88. c4 Qxa2 89. Qf5+ Kg7 90. c5 Qb2+ 91. Kc7 Qb4 92. Qe5+ Kg8 93. c6 Qa3 94. Kd7 1-0

[Event "Kuala Lumpur op 5th"]
[Site "Kuala Lumpur"]
[Date "2008.08.19"]
[Round "3"]
[White "Schon, Eugene"]
[Black "Kadek, Iin Dwijayanti"]
[Result "1-0"]
[WhiteElo "2042"]
[BlackElo "1838"]
[PlyCount "137"]
[EventDate "2008.08.18"]
[EventType "swiss"]
[EventRounds "11"]
[EventCountry "MAS"]
[SourceTitle "CBM 126 Extra"]
[Source "ChessBase"]
[SourceDate "2008.11.05"]
[SourceVersion "1"]
[SourceVersionDate "2008.11.05"]
[SourceQuality "1"]

1. e4 c5 2. Nf3 d6 3. d4 cxd4 4. Nxd4 Nf6 5. Nc3 a6 6. Be3 e5 7. Nb3 Be6 8. f3 Nbd7 9. g4 h6 10. Qd2 b5 11. 0-0-0 Nb6 12. Na5 Qc7 13. Bxb6 Qxb6 14. Nd5 Bxd5 15. exd5 Rc8 16. b4 Qc7 17. c4 Be7 18. Kb2 bxc4 19. Bxc4 Qb6 20. Nc6 Nd7 21. Qd3 Bf6 22. Kc2 Nb8 23. Nxb8 Rxb8 24. a3 a5 25. Rb1 Ke7 26. Rhe1 Rhc8 27. Re4 Rc7 28. Qe2 Rbc8 29. Kb3 axb4 30. axb4 Ra8 31. Rb2 Rca7 32. Kc2 Rc8 33. Qf1 Qb5 34. Kd2 Qa4 35. Qb1 Bg5+ 36. Ke2 Rb7 37. Kf2 Qa7+ 38. Kg2 Rbc7 39. Qd3 Qb6 40. Qe2 Ra8 41. f4 Bf6 42. Rb1 Rca7 43. Qb2 Kd8 44. Rbe1 Re7 45. Ra1 Rb8 46. Rb1 exf4 47. Qe2 Rxe4 48. Qxe4 Qe3 49. Qxe3 fxe3 50. Kf3 Bd4 51. b5 Kc7 52. Ke4 Re8+ 53. Kxd4 Kb6 54. Re1 Re7 55. Rxe3 Rc7 56. Ra3 Kb7 57. Ra6 Rd7 58. Rc6 g6 59. Bd3 Rd8 60. b6 Rd7 61. h4 g5 62. hxg5 hxg5 63. Ke4 Re7+ 64. Kf3 Rd7 65. Be4 f6 66. Ke3 Rd8 67. Kd4 Rd7 68. Bf5 Rd8 69. Be6 1-0

[Event "Kuala Lumpur op 5th"]
[Site "Kuala Lumpur"]
[Date "2008.08.18"]
[Round "2"]
[White "Kadek, Iin Dwijayanti"]
[Black "Abdullah, Mohd Kamal"]
[Result "1/2-1/2"]
[WhiteElo "1838"]
[BlackElo "2153"]
[PlyCount "160"]
[EventDate "2008.08.18"]
[EventType "swiss"]
[EventRounds "11"]
[EventCountry "MAS"]
[SourceTitle "CBM 126 Extra"]
[Source "ChessBase"]
[SourceDate "2008.11.05"]
[SourceVersion "1"]
[SourceVersionDate "2008.11.05"]
[SourceQuality "1"]

1. e4 c5 2. Nf3 Nc6 3. d4 cxd4 4. Nxd4 g6 5. c4 Bg7 6. Be3 Nf6 7. Nc3 Ng4 8. Qxg4 Nxd4 9. Qd1 Ne6 10. Rc1 d6 11. Be2 0-0 12. Qd2 Nc5 13. f3 a5 14. 0-0 Be6 15. Rfd1 a4 16. Kh1 Re8 17. Qc2 Qa5 18. Nd5 Rac8 19. Bf1 b5 20. Qf2 b4 21. Rb1 b3 22. a3 f5 23. Bd4 Bxd4 24. Qxd4 fxe4 25. fxe4 Nd7 26. Be2 Ne5 27. Rbc1 Rc5 28. h3 Bxd5 29. exd5 Qc7 30. Rc3 Rf8 31. Re1 Rf6 32. Rf1 Qd8 33. Rxf6 exf6 34. Kh2 f5 35. Rc1 Qf6 36. Qc3 Nd7 37. Qxf6 Nxf6 38. Re1 Nd7 39. Kg3 Nb6 40. Rc1 Kf7 41. Rc3 Kf6 42. Kf4 g5+ 43. Ke3 Ke5 44. g3 Nd7 45. Rc1 Nf6 46. Bd3 Nxd5+ 47. Kd2 Nf6 48. g4 Ne4+ 49. Ke3 f4+ 50. Kf3 d5 51. Re1 Kd4 52. Rd1 Nf6 53. cxd5 Ke5 54. d6 Rd5 55. Re1+ Kxd6 56. Bc4 Re5 57. Rxe5 Kxe5 58. Bb5 Ne4 59. Bxa4 Kd4 60. Ke2 Nc5 61. Bc6 Nd3 62. Ba4 Nc5 63. Bc6 Kc4 64. Be8 h6 65. Bf7+ Kd4 66. Kd2 f3 67. Bg6 Na4 68. Bf7 Nxb2 69. Bxb3 Ke4 70. a4 Kf4 71. Bd5 Kg3 72. a5 f2 73. Ke2 Nd3 74. Kf1 Nb4 75. Be4 Kxh3 76. Kxf2 Kxg4 77. Bb7 Kf5 78. a6 Nxa6 79. Bxa6 h5 80. Bb7 h4 1/2-1/2